Special report: Finance (Record no. 74146)

MARC details
000 -LEADER
fixed length control field 00361cam a2200133 4500
008 - FIXED-LENGTH DATA ELEMENTS--GENERAL INFORMATION
fixed length control field 040209n2004 000 0 eng u
035 ## - SYSTEM CONTROL NUMBER
System control number (Sirsi) u125087
100 ## - MAIN ENTRY--PERSONAL NAME
Personal name McConnell, T.
245 ## - TITLE STATEMENT
Title Special report: Finance
260 ## - PUBLICATION, DISTRIBUTION, ETC.
Date of publication, distribution, etc. 2004
490 ## - SERIES STATEMENT
Series statement Property Week
Volume/sequential designation 69(5) 30 January 2004, 49-54(4)
520 ## - SUMMARY, ETC.
Summary, etc. The first article reports on the
942 ## - ADDED ENTRY ELEMENTS (KOHA)
Suppress in OPAC 0
Holdings
Withdrawn status Lost status Source of classification or shelving scheme Damaged status Not for loan Home library Current library Shelving location Date acquired Total Checkouts Barcode Date last seen Copy number Price effective from Koha item type
    Dewey Decimal Classification     London London Journal article 09/02/2004   125087-1001 06/08/2019 1 06/08/2019 Journal article